000 00668nam a2200241Ia 4500
003 OSt
005 20220928124510.0
006 a|||||r|||| 00| 0
007 ta
008 220927b |||||||| |||| 00| 0 eng d
024 _a59927
037 _cTextual
040 _aSDCL
_cSDCL
_beng
041 _2eng
_aeng
082 _aR693,4, K7
100 _aSogani Kamal Chand
_9465785
245 0 _aEthical doctrines in jainsm .
260 _aSholapur
_bLalchand Hirachand Doshi
_c1967
300 _axvi,302p.
_ccm.
490 _aJivaraja Jaina granthamala . No.19 .
942 _hR693,4, K7
_cTEXL
_2CC
999 _c778676
_d778676